Harry potter relations - Statistics

General Stats
  • This quiz has been taken 1,376 times
  • The average score is 14 of 16
Answer Stats
Question Answer % Correct
The main person Harry James Potter
100%
Married to Ginevra Molly Weasley/Potter
99%
Who got married to Hermione Jean Granger/Weasley
99%
Whose youngest brother is Ronald Bilius Weasley
99%
Who was a follower of Voldemort
96%
Who went to the Yule Ball with Viktor Krum
95%
Whose headmaster is Igor Karkarkaroff
88%
Whose favorite teacher was Severus Snape
87%
Whose husband is James Potter sr.
86%
Who fell in love with Lily Evans/Potter sr.
86%
Whose Defence Against the Dark Arts teacher in the 5th one was Dolores Jane Umbridge
85%
Whose nephew is Draco Lucius Malfoy
83%
Who got killed by Bellatrix Lestrange
82%
Who feared Albums Percival Wulfric Brian Dumbledore
78%
Who stole from the house of Sirius Black
78%
Who stole the slytherins locket from Mundungus Fletcher
61%
No matching quizzes found
Score Distribution
Percent of People with Each Score
Percentile by Number Answered
Your Score History
You have not taken this quiz